|
|
|
|
| LEADER |
01936nam a2200505 a 4500 |
| 001 |
000891887 |
| 003 |
CZ BrMZK |
| 005 |
20080509070249.0 |
| 007 |
ta |
| 008 |
080404s2008 au a e c 000 0 ger |
| 020 |
|
|
|a 978-3-902053-17-6
|q (brož.)
|
| 040 |
|
|
|a BOA001
|b cze
|
| 043 |
|
|
|a e-au---
|
| 072 |
|
7 |
|a 76
|x Grafické umění. Grafika
|2 Konspekt
|9 21
|
| 080 |
|
|
|a 027.52
|2 MRF
|
| 080 |
|
|
|a 027.53
|2 MRF
|
| 080 |
|
|
|a 025
|2 MRF
|
| 080 |
|
|
|a 766:655
|2 MRF
|
| 080 |
|
|
|a 659.133.1
|2 MRF
|
| 080 |
|
|
|a (436.1)
|2 MRF
|
| 080 |
|
|
|a (083.824)
|2 MRF
|
| 245 |
0 |
0 |
|a 70er :
|b Plakate aus der Sammlung der Wienbliothek /
|c Markus Feigl, Julia König-Rainer (Hrsg.)
|
| 246 |
3 |
|
|a Siebziger
|
| 246 |
3 |
1 |
|a 70er - Plakate aus der Sammlung der Wienbliothek
|
| 246 |
3 |
|
|a Siebziger - Plakate aus der Sammlung der Wienbliothek
|
| 260 |
|
|
|a Wien :
|b Wienbibliothek im Rathaus,
|c 2008
|
| 300 |
|
|
|a 131 s. :
|b barev. il. ;
|c 27 cm
|
| 490 |
1 |
|
|a Plakate aus der Sammlung der Wienbliothek ;
|v Bd. 1
|
| 504 |
|
|
|a Obsahuje bibliografické odkazy
|
| 650 |
0 |
7 |
|a městské knihovny
|7 ph123103
|z Rakousko
|2 czenas
|
| 650 |
0 |
7 |
|a zemské knihovny
|7 ph127610
|z Rakousko
|2 czenas
|
| 650 |
0 |
7 |
|a knihovní fondy
|7 ph121668
|z Rakousko
|2 czenas
|
| 650 |
0 |
7 |
|a grafický design
|7 ph116550
|z Rakousko
|y 1970-1980
|2 czenas
|
| 650 |
0 |
7 |
|a plakáty
|7 ph124084
|z Rakousko
|y 1970-1980
|2 czenas
|
| 655 |
|
7 |
|a katalogy výstav
|7 fd132536
|2 czenas
|
| 610 |
2 |
7 |
|a Wienbibliothek im Rathaus
|7 kn20070516015
|2 czenas
|
| 651 |
|
7 |
|a Vídeň (Rakousko)
|7 ge131380
|2 czenas
|
| 700 |
1 |
|
|a Feigl, Markus,
|d 1963-
|7 jx20051102008
|4 edt
|
| 700 |
1 |
|
|a König-Rainer, Julia,
|d 1975-
|7 mzk2008448493
|4 edt
|
| 710 |
2 |
|
|a Wienbibliothek im Rathaus
|7 kn20070516015
|
| 830 |
|
0 |
|a Plakate aus der Sammlung der Wienbliothek
|
| 910 |
2 |
|
|a BOA001
|b 3-1202.112
|
| 990 |
|
|
|a BK
|
| 991 |
|
|
|b 200805
|c NOV
|
| 996 |
7 |
|
|b 2610341327
|c 3-1202.112
|l MZK
|r Sklad / do 1 hodiny
|n 2
|p dar
|w 000891887
|u 000010
|a 1
|e BOA001
|j MZK50
|s A
|